000 00972nam a2200253Ia 4500
003 OSt
005 20221005104319.0
006 a|||||r|||| 00| 0
007 ta
008 221004b |||||||| |||| 00| 0 hin d
020 _a9789352665471 (hbk)
_cINR 350.00
024 _a64874
037 _bGV727, 11/03/2020, Vani Prakashan
_cTextual
040 _aCRL
_cCRL
_bhin
041 _2hin
_ahin
082 _aY:1.2, 152Q8
100 _aशर्मा, बलदेव भाई, ले.
245 0 _aभारत
_b सांस्कृतिक चेतना का अधिष्ठान
246 _aBhārata: sāanskṛutik chetanā kā adhiṣhṭhāna
260 _aदिल्ली
_bप्रभात प्रकाशन भारत
_c2018
300 _a182पृ0
_ccm.
942 _hY:1.2, 152Q8
_cTEXL
_2cc
999 _c1012340
_d1012340